| 000 | 01174cam a2200337 4500 | ||
|---|---|---|---|
| 001 | 9480 | ||
| 003 | BD-RjUL | ||
| 005 | 20211208234802.0 | ||
| 008 | 140121s1934 nyua 00| 0 eng d | ||
| 035 | _a(OCoLC)ocm04022154 | ||
| 035 | _a(BD-RjUL)9525 | ||
| 035 | _a(NNC)3981990 | ||
| 040 |
_aDLC _cAZU _dSER _dBD-RjUL _beng |
||
| 041 | _aeng | ||
| 082 |
_a535.3 _bMIR 1934 |
||
| 100 | 1 |
_aMitchell, Allan C. G. _q(Allan Charles Gray), _d1902- _929377 |
|
| 245 | 1 | 0 |
_aResonance radiation and excited atoms / _cby Allan C.G. Mitchell ... and Mark W. Zemansky ... |
| 260 |
_aNew York, _bThe Macmillan Company; _aCambridge, Eng., _bThe University Press, _c1934. |
||
| 300 |
_axvi, 338 p. : _c22 cm. _billus., incl. tables, diagrs. |
||
| 490 | 1 | _aThe Cambridge series of physical chemistry | |
| 500 | _aPrinted in Great Britain. | ||
| 504 | _a"References" at end of each chapter. | ||
| 650 | 0 |
_aRadiation. _929378 |
|
| 650 | 0 |
_aFluorescence. _929379 |
|
| 650 | 0 |
_aAtoms. _925783 |
|
| 700 | 1 |
_aZemansky, Mark Waldo, _d1900-, _eauthor. _925953 |
|
| 830 | 0 |
_aCambridge series of physical chemistry. _929648 |
|
| 942 |
_2ddc _cBK |
||
| 999 |
_c9480 _d9480 |
||